000 00267nam a2200109Ia 4500
008 200302s9999 xx 000 0 und d
100 _aAysel Uslu and Others
245 _aUrban planning theory and practice
260 _bIntelliz press
260 _c2016
300 _a220
999 _c5963
_d5963